| 000 | 00000cam 2200000zi 4500 |
| 001 | 9.963098 |
| 003 | CaOODSP |
| 005 | 20260526151626 |
| 006 | m o d f |
| 007 | cr |n||||||||| |
| 008 | 260526t20202020oncabd ob f000 0 eng d |
| 040 | |aCaOODSP|beng|erda|cCaOODSP |
| 043 | |an-cn--- |
| 086 | 1 |aM183-2/8627E-PDF |
| 100 | 1 |aAdams, J., |eauthor. |
| 245 | 10|aEstimated seismic design values for Canadian Missions abroad : |bequivalents to 2015 National Building Code of Canada / |cJ. Adams, D. Young, and S. Halchuk. |
| 264 | 1|a[Ottawa] : |bGeological Survey of Canada, |c2020. |
| 264 | 4|c©2020 |
| 300 | |a1 online resource (68 pages) : |bfigures, maps, graphs. |
| 336 | |atext|btxt|2rdacontent |
| 337 | |acomputer|bc|2rdamedia |
| 338 | |aonline resource|bcr|2rdacarrier |
| 490 | 1 |aOpen file ; |v8627 |
| 504 | |aIncludes bibliographical references (pages 44-49). |
| 650 | 0|aEarthquake hazard analysis. |
| 650 | 0|aBuilding laws|zCanada. |
| 650 | 0|aBuildings|xEarthquake effects. |
| 650 | 6|aRisques sismiques. |
| 650 | 6|aConstruction|xDroit|zCanada. |
| 650 | 6|aConstructions|xEffets des tremblements de terre sur. |
| 710 | 2 |aGeological Survey of Canada, |eissuing body. |
| 830 | #0|aOpen file (Geological Survey of Canada)|v8627.|w(CaOODSP)9.506878 |
| 856 | 40|qPDF|s67.8 MB|uhttps://publications.gc.ca/collections/collection_2026/rncan-nrcan/m183-2/M183-2-8627-eng.pdf |
| 856 | 4 |qHTML|sN/A|uhttps://doi.org/10.4095/327582 |